<?xml version="1.0" encoding="UTF-8"?>
<record
    xmlns:xsi="http://www.w3.org/2001/XMLSchema-instance"
    xsi:schemaLocation="http://www.loc.gov/MARC21/slim http://www.loc.gov/standards/marcxml/schema/MARC21slim.xsd"
    xmlns="http://www.loc.gov/MARC21/slim">

  <leader>03133nam a2200553Ia 4500</leader>
  <controlfield tag="001">2373</controlfield>
  <controlfield tag="008">241029s9999    xx            000 0 und d</controlfield>
  <datafield tag="010" ind1=" " ind2=" ">
    <subfield code="a">2227</subfield>
  </datafield>
  <datafield tag="041" ind1=" " ind2=" ">
    <subfield code="a">Espa&#xF1;ol</subfield>
  </datafield>
  <datafield tag="082" ind1=" " ind2=" ">
    <subfield code="a">MA-ES 0018 FH 2002</subfield>
  </datafield>
  <datafield tag="245" ind1=" " ind2="0">
    <subfield code="a">Caracterizaci&#xF3;n de la evaluaci&#xF3;n del desempe&#xF1;o de los docentes en dos Universidades de Santo Domingo (Universidad Aut&#xF3;noma de Santo Domingo e Instituto Tecnol&#xF3;gico de Santo Domingo). A&#xF1;o 2001.</subfield>
  </datafield>
  <datafield tag="260" ind1=" " ind2=" ">
    <subfield code="a">Santo Domingo</subfield>
  </datafield>
  <datafield tag="300" ind1=" " ind2=" ">
    <subfield code="a">127</subfield>
  </datafield>
  <datafield tag="520" ind1=" " ind2=" ">
    <subfield code="a">33</subfield>
  </datafield>
  <datafield tag="630" ind1=" " ind2=" ">
    <subfield code="a">Docentes Universitarios</subfield>
  </datafield>
  <datafield tag="630" ind1=" " ind2=" ">
    <subfield code="a">Evaluaci&#xF3;n</subfield>
  </datafield>
  <datafield tag="630" ind1=" " ind2=" ">
    <subfield code="a">Evaluaci&#xF3;n del Desempe&#xF1;o</subfield>
  </datafield>
  <datafield tag="650" ind1=" " ind2=" ">
    <subfield code="a">Evaluaci&#xF3;n</subfield>
  </datafield>
  <datafield tag="690" ind1=" " ind2=" ">
    <subfield code="a">Elaborado</subfield>
  </datafield>
  <datafield tag="700" ind1=" " ind2=" ">
    <subfield code="e">asesor</subfield>
    <subfield code="a">Moquete de la Rosa, Jacobo</subfield>
  </datafield>
  <datafield tag="700" ind1=" " ind2=" ">
    <subfield code="e">autor</subfield>
    <subfield code="a">Castro Araujo, Eugenia A. </subfield>
  </datafield>
  <datafield tag="700" ind1=" " ind2=" ">
    <subfield code="e">autor</subfield>
    <subfield code="a">Castro Araujo, Lucia</subfield>
  </datafield>
  <datafield tag="901" ind1=" " ind2=" ">
    <subfield code="a">{"1":"Castro Araujo","2":"Castro Araujo"}</subfield>
    <subfield code="b">{"1":"Eugenia A. ","2":"Lucia"}</subfield>
  </datafield>
  <datafield tag="902" ind1=" " ind2=" ">
    <subfield code="a">1</subfield>
  </datafield>
  <datafield tag="903" ind1=" " ind2=" ">
    <subfield code="a">{"1":"Moquete de la Rosa"}</subfield>
    <subfield code="b">{"1":"Jacobo"}</subfield>
  </datafield>
  <datafield tag="904" ind1=" " ind2=" ">
    <subfield code="a">Maestr&#xED;a en</subfield>
  </datafield>
  <datafield tag="905" ind1=" " ind2=" ">
    <subfield code="a">Ense&#xF1;anza Superior</subfield>
  </datafield>
  <datafield tag="906" ind1=" " ind2=" ">
    <subfield code="a">2</subfield>
  </datafield>
  <datafield tag="907" ind1=" " ind2=" ">
    <subfield code="a">NO APLICA</subfield>
  </datafield>
  <datafield tag="908" ind1=" " ind2=" ">
    <subfield code="a">NO APLICA</subfield>
  </datafield>
  <datafield tag="909" ind1=" " ind2=" ">
    <subfield code="a">Universidad Aut&#xF3;noma de Santo Domingo (UASD)</subfield>
  </datafield>
  <datafield tag="910" ind1=" " ind2=" ">
    <subfield code="a">NULL</subfield>
    <subfield code="b">NULL</subfield>
  </datafield>
  <datafield tag="911" ind1=" " ind2=" ">
    <subfield code="a">["1"]</subfield>
  </datafield>
  <datafield tag="912" ind1=" " ind2=" ">
    <subfield code="a">NO APLICA</subfield>
  </datafield>
  <datafield tag="913" ind1=" " ind2=" ">
    <subfield code="a">NULL</subfield>
  </datafield>
  <datafield tag="914" ind1=" " ind2=" ">
    <subfield code="a">02 de Septiembre de 2002</subfield>
  </datafield>
  <datafield tag="915" ind1=" " ind2=" ">
    <subfield code="a">17/11/19 08:11</subfield>
  </datafield>
  <datafield tag="916" ind1=" " ind2=" ">
    <subfield code="a">NULL</subfield>
  </datafield>
  <datafield tag="917" ind1=" " ind2=" ">
    <subfield code="a">NULL</subfield>
  </datafield>
  <datafield tag="918" ind1=" " ind2=" ">
    <subfield code="a">NO APLICA</subfield>
  </datafield>
  <datafield tag="919" ind1=" " ind2=" ">
    <subfield code="a">["71","97","100"]</subfield>
  </datafield>
  <datafield tag="520" ind1=" " ind2=" ">
    <subfield code="a">El objetivo principal de la investigaci&#xF3;n consisti&#xF3; en distinguir los rasgos que caracterizan la evaluaci&#xF3;n del desempe&#xF1;o docente en la Universidad Aut&#xF3;noma de Santo Domingo y el Instituto Tecnol&#xF3;gico de Santo Domingo, en los recintos de Santo Domingo en el a&#xF1;o 2001.La investigaci&#xF3;n se enmarc&#xF3; en un dise&#xF1;o metodol&#xF3;gico, anal&#xED;tico y descriptivo, basada en la investigaci&#xF3;n de campo, dirigidas hacia una poblaci&#xF3;n: de la Universidad Aut&#xF3;noma de Santo Domingo, cien (100) docentes, cien (100) estudiantes, diez (10) coordinadores/as, cinco (5) directores, tres (3) empleados del personal de evaluaci&#xF3;n y del Instituto Tecnol&#xF3;gico De Santo Domingo sesenta (60) profesores, sesenta (60) estudiantes, cuatro (4) coordinadores, un (1) empleado de evaluaci&#xF3;n. La recolecci&#xF3;n de datos se hizo mediante cuestionarios y entrevistas.El estudio determin&#xF3; que los rasgos que caracterizan la evaluaci&#xF3;n son: que la evaluaci&#xF3;n se hace en virtud de cinco (5) criterios b&#xE1;sicos; cumplimiento de reglamentaciones, conducci&#xF3;n del proceso ense&#xF1;anza-aprendizaje, dominio de asignatura y actualizaci&#xF3;n, capacidad para evaluar y relaci&#xF3;n con los estudiantes.El estudio recomienda, que se haga una mejor labor de promoci&#xF3;n de calidad educativa en las Instituciones, de modo que los docentes que resulten con bajas calificaciones sean sometidos a enfrentamientos que le permitan mejorar en las &#xE1;reas deficitarias. Y adem&#xE1;s junto a &#xE9;sta, una labor de informaci&#xF3;n y motivaci&#xF3;n de modo que los docentes que obtengan resultados favorables sean reconocidos.</subfield>
  </datafield>
  <datafield tag="921" ind1=" " ind2=" ">
    <subfield code="a">16</subfield>
  </datafield>
  <datafield tag="922" ind1=" " ind2=" ">
    <subfield code="a">16</subfield>
  </datafield>
  <datafield tag="923" ind1=" " ind2=" ">
    <subfield code="a">0</subfield>
  </datafield>
  <datafield tag="924" ind1=" " ind2=" ">
    <subfield code="a">NO APLICA</subfield>
  </datafield>
  <datafield tag="942" ind1=" " ind2=" ">
    <subfield code="c">Tesis</subfield>
  </datafield>
  <datafield tag="999" ind1=" " ind2=" ">
    <subfield code="c">2227</subfield>
    <subfield code="d">2227</subfield>
  </datafield>
</record>
